| 000 | 00590nam a2200169 i 4500 | ||
|---|---|---|---|
| 001 | 64380 | ||
| 003 | ES-MaACL | ||
| 005 | 20230906165121.0 | ||
| 007 | t| | ||
| 008 | 031223s1972 sp ||||1| spa d | ||
| 100 | 1 |
_aFogel, Robert William. _951411 |
|
| 245 | 1 | 4 |
_aLos ferrocarriles y el crecimiento económico de Estados Unidos _b: ensayos de historia econométrica / _cRobert William Fogel ; [traducción por José de Celis Bores]. |
| 260 |
_aMadrid : _bTecnos, _c[1972] |
||
| 300 |
_a275 p. ; _c24 cm. |
||
| 700 | 1 |
_aCelis Bores, José de. _937363 |
|
| 852 |
_aES-MaACL _jC-49261 _bR.84547 |
||
| 999 |
_c64380 _d64380 |
||